F1 drivers - Statistieken

Algemene statistieken
  • Deze quiz is 64 keer genomen
  • De gemiddelde score is 18 van 20
Antwoordstatistieken
Hint Antwoord % Correct
Red Bull racing Max Verstappen
100%
Mercedes George Russel
97%
McLaren Oscar Piastri
97%
Mclaren Lando norris
95%
Ferrari Lewis Hamilton
95%
Mercedes Andrea Kimi Antonelli
92%
Aston Martin Fernado Alonso
92%
Ferrari Charles Leclerc
89%
Haas Esteban Ocon
89%
Aston Martin Lance Stroll
89%
Red bull racing Liam Lawson
89%
Racing Bulls Yuki Tsunoda
89%
Williams Alexander Albon
86%
Williams Carlos Sainz
86%
Kick Sauber Nico Hulkenberg
86%
Alpine Pierre Gasly
86%
Racing Bulls Isack Hadjar
84%
Haas Oliver Bearman
84%
Kick Sauber Gabriel Bortoleto
70%
Alpine Jack Doohan
68%
Geen overeenkomende quizzen gevonden
Scoreverdeling
Procent van Mensen met Elke Score
Percentiel versus Aantal Correcte Antwoorden
Uw Scoregeschiedenis
U heeft deze quiz nog niet genomen